Discos de Kanye West por foto - Estadísticas

Estadísticas generales
  • Esta prueba ha sido intentada 159 veces
  • La puntuación promedio es 13 de 15
Estadísticas de respuestas
Imagen Respuesta % Correcto
Graduation
98%
The Life of Pablo
95%
Donda
94%
VULTURES 1
90%
VULTURES 2
90%
ye
90%
The College Dropout
86%
808s & Heartbreak
85%
My Beautiful Dark Twisted Fantasy
85%
Yeezus
84%
Late Registration
80%
JESUS IS KING
77%
KIDS SEE GHOSTS
77%
Watch the Throne
68%
Donda 2
60%
No se encontraron pruebas coincidentes
Distribución de puntuación
Porcentaje de gente con cada puntuación
Porcentaje por número respondido
Historial de tus puntuaciones
No has intentado esta prueba.